[Event "Speed Chess (Women) Q2"]
[Site "Chess.com INT"]
[Date "2020.06.19"]
[Round "10"]
[White "De Seroux, Camille"]
[Black "Demchenko, Svitlana"]
[Result "1-0"]
[WhiteElo "2137"]
[BlackElo "2071"]
[PlyCount "67"]
[EventDate "2020.06.19"]
[EventType "swiss (blitz)"]
[EventRounds "13"]
[EventCountry "USA"]
[SourceTitle "CBM 196 Extra"]
[Source "ChessBase"]
[SourceDate "2020.07.31"]
[SourceVersion "1"]
[SourceVersionDate "2020.07.31"]
[SourceQuality "1"]

1. e4 d5 2. exd5 Nf6 3. d4 Bg4 4. Nf3 Qxd5 5. Be2 e6 6. 0-0 Nc6 7. h3 Bh5 8. c4 Qd7 9. Be3 0-0-0 10. Nc3 Bxf3 11. Bxf3 Nxd4 12. Bxd4 Qxd4 13. Qa4 Qb6 14. Rfd1 Bc5 15. Qc2 Bd4 16. Na4 Qa5 17. b4 Qa6 18. Rab1 e5 19. Nc5 Bxc5 20. bxc5 c6 21. Qf5+ Nd7 22. Bg4 Qxa2 23. Rxd7 Qxb1+ 24. Qxb1 Rxd7 25. Bxd7+ Kxd7 26. Qf5+ Ke7 27. Qxe5+ Kd7 28. Qxg7 Re8 29. Qxf7+ Re7 30. Qf5+ Kc7 31. Qf4+ Kc8 32. Qd6 Rd7 33. Qe6 a5 34. Qe3 1-0

[Event "Speed Chess (Women) Q2"]
[Site "Chess.com INT"]
[Date "2020.06.19"]
[Round "12"]
[White "De Seroux, Camille"]
[Black "Vittal, Sanjana"]
[Result "1-0"]
[WhiteElo "2137"]
[BlackElo "1961"]
[PlyCount "109"]
[EventDate "2020.06.19"]
[EventType "swiss (blitz)"]
[EventRounds "13"]
[EventCountry "USA"]
[SourceTitle "CBM 196 Extra"]
[Source "ChessBase"]
[SourceDate "2020.07.31"]
[SourceVersion "1"]
[SourceVersionDate "2020.07.31"]
[SourceQuality "1"]

1. e4 e5 2. Nc3 Nf6 3. f4 exf4 4. e5 Qe7 5. Nf3 d6 6. d4 dxe5 7. dxe5 Bg4 8. Bxf4 Nc6 9. Be2 Bxf3 10. Bxf3 Nxe5 11. 0-0 Nxf3+ 12. Qxf3 0-0-0 13. Kh1 Qc5 14. Ne4 Nxe4 15. Qxe4 Bd6 16. Bxd6 Qxd6 17. Rxf7 Rhe8 18. Qf3 Qh6 19. h3 Re3 20. Qg4+ Kb8 21. Rxg7 a6 22. Rg8 Rxg8 23. Qxg8+ Ka7 24. Qg4 Qb6 25. b3 Qf6 26. Rd1 b6 27. Qd7 Kb7 28. Qd5+ Ka7 29. Qd4 Qxd4 30. Rxd4 Re2 31. Rc4 Kb7 32. Kh2 b5 33. Rc3 Kb6 34. b4 Re4 35. a3 c6 36. Kg3 h5 37. Kf3 Rd4 38. g4 hxg4+ 39. hxg4 Rd1 40. g5 Rg1 41. Kf4 Rg2 42. Kf5 Kc7 43. g6 Rf2+ 44. Kg5 Kd6 45. Rg3 Rf8 46. g7 Rg8 47. Kf6 a5 48. Kf7 Rxg7+ 49. Kxg7 axb4 50. axb4 c5 51. bxc5+ Kxc5 52. Kf6 b4 53. Ke5 Kc4 54. Ke4 b3 55. Rxb3 1-0